Регионална библиотека "Любен Каравелов" - Русе

Превозни средства (Запис номер 323065)

MARC детайли
000 -Лидер
Лидер 01359aam a2200325 a 4500
003 - Код на организацията, давaща контролен номер
Код на организацията, даваща контролен номер BLK
005 - Дата и час на последна редакция
Дата и час на последна редакция 20250729100509.0
008 - Елементи от данни с фиксирана дължина
Елементи с фиксирана дължина 181012b bu ||||| |||| 00| 0 bu d
020 ## - Международен стандартен номер на книга ISBN
ISBN 9786191991716
020 ## - Международен стандартен номер на книга ISBN
ISBN 3800083820437
040 ## - Източник на каталожния запис
Код на библиотеката BLK
041 ## - Код за език
Език Български
Език за КДБФ Български
080 ## - УДК
УДК текст Техника на транспортните средства
УДК код 629
УДК – определител :087.5
УДК – код + определител 629:087.5
100 ## - Редна дума - Автор
R(LIN) 334904
Автор Джоунс, Роб Лойд
245 ## - Сведения за заглавието
Заглавие Превозни средства
Авторска отговорност текст Роб Лойд Джоунс ; ил. Стефано Тонети ; прев. Живко Николчев
260 ## - Област на издателските данни
Име на издателя Фют
Година на издаване 2018
Място на издаване София
300 ## - Физическа характеристика
Брой страници 13 с.
Илюстрации с цв. ил.
Размер 23 см
380 ## - Жанр
Жанр Детска отраслова лит.
440 ## - SERIES STATEMENT/Точка за достъп--TITLE
Заглавие Откриватели
9 (RLIN) 390050
500 ## - Общи забележки
Обща забележка Ориг. загл.: Look inside things that go. - Кн. отпеч. на ламиниран картон
650 #7 - Допълнително описание по предмет – тема
9 (RLIN) 167551
Предметна рубрика Превозни средства
650 #7 - Допълнително описание по предмет – тема
9 (RLIN) 156309
Предметна рубрика Издания - за деца
653 #7 - Ключова дума – ненормативна
9 (RLIN) 184826
Ключови думи детска литература
700 ## - Други автори (авторска отговорност)
9 (RLIN) 344811
Друг автор Николчев, Живко Любомиров
Авт. отговорност на др. автор прев.
700 ## - Други автори (авторска отговорност)
9 (RLIN) 455281
Друг автор Тонети, Стефано
852 ## - Местоположение
Отдел Детски отдел
942 ## - АРТИКУЛИ
Вид на библиотечния документ Книги
Източник на класификационната схема Universal Decimal Classification
Скрит в OPAC Не
Koha issues (borrowed), all copies 24
944 ## - СЪЗДАВАНЕ И РЕДАКЦИЯ на ЗАПИСА
Служител, извършил регистрацията/редакцията 30551
Номер на служител Бояна Костадинова
Създаване/Редакция Редакция
Дата на регистрацията/редакция 23
999 ## - СИСТЕМНИ КОНТРОЛНИ НОМЕРА
Koha biblionumber 323065
Koha biblioitemnumber 323065
Наличности
Код за отписване Код за изгубен артикул Източник на класификационната схема Код за повреда Коз за рестрикции Код за отдаване Артикулен № Име на библиотеката - собственик Име на библиотеката, в която се намира в момента Статус (Текущо местоположение) Дата на вписване в системата Местоположение - отдел Цена в лева Инвентарен номер Систематично азбучна сигнатура Баркод Цена в евро Служебен тип на артикула
  Не е изгубен Universal Decimal Classification Не е повреден без рестрикции заемане за дома 677715 Регионална библиотека "Любен Каравелов" Русе Регионална библиотека "Любен Каравелов" Русе Детски отдел 2018-06-20 Детски отдел 17.90 120000821548 ДН 629/Д 52 120000821548 9.15 Книги
  Не е изгубен Universal Decimal Classification Не е повреден   заемане за дома 933130 Регионална библиотека "Любен Каравелов" Русе Регионална библиотека "Любен Каравелов" Русе Детски отдел 2023-08-21 Детски отдел 17.90 120000892347 629/Д 52 Р 120000892347 9.15 Книги
Vip Innovations Ltd, Rousse, Bulgaria 2025